[Event "Quebec-ch qual 1"]
[Site "Montreal"]
[Date "2003.05.04"]
[Round "5"]
[White "Collin Deslauriers, Hugo"]
[Black "Malveau, Cedric"]
[Result "0-1"]
[WhiteElo "1316"]
[BlackElo "1863"]
[PlyCount "68"]
[EventDate "2003.05.??"]
[EventType "swiss"]
[EventRounds "5"]
[EventCountry "CAN"]
[SourceTitle "EXT 2006"]
[Source "ChessBase"]
[SourceDate "2005.11.24"]
[SourceVersion "1"]
[SourceVersionDate "2005.11.24"]
[SourceQuality "1"]

1. e4 e5 2. Nf3 Nf6 3. Bc4 Nc6 4. 0-0 Bc5 5. Nc3 d6 6. h3 0-0 7. d3 h6 8. Be3 Bb6 9. Qd2 Be6 10. Bb3 Qd7 11. Ba4 Rfe8 12. d4 exd4 13. Bxd4 Bxd4 14. Nxd4 Re7 15. Rfe1 Qe8 16. Nxe6 Rxe6 17. Nd5 Nxe4 18. Rxe4 Rxe4 19. Nxc7 Qd8 20. Nxa8 Rxa4 21. c3 Qxa8 22. Qxd6 Qd8 23. Qc5 Re4 24. b4 Qe7 25. Qb5 Re1+ 26. Rxe1 Qxe1+ 27. Kh2 Qe5+ 28. Qxe5 Nxe5 29. Kg3 Kf8 30. Kf4 Nd3+ 31. Ke3 Nb2 32. a3 Ke7 33. Kd4 Kd6 34. c4 b6 0-1